000 01031nam a22001817a 4500
003 OSt
005 20260415034028.0
008 260415b |||||||| |||| 00| 0 eng d
040 _aDWC-Main lib.
_cOC
082 _aFil. 348.044 Su959
110 _aEDITORIAL STAFF OF THE CENTRAL LAWBOOK PUBLISHING CO., INC
245 _aSupreme Court reports :
_bannotated/
_cEDITORIAL STAFF OF THE CENTRAL LAWBOOK PUBLISHING CO., INC
260 _aManila, Philippines :
_bCentral Lawbook Publishing Company, Inc.
300 _avarious paging :
_c23 cm.
504 _av.211 - July 3 to 29, 1992 v.212 - August 3 to 24, 1992 v.213 -August 25 to September 14, 1992 v.214 - September 18 to October 20, 1992 v.215 - October 21 to November 25, 1992 v.216 - November 26 to December 29, 1992 v.217 - January 5 to January 28, 1993 v.218 -January 29 to February 15, 1993 v.219 - February 16 to March 12, 1993 v.220 - March 17 to March 31, 1993
650 _a1. Law reports, digests, etc.--- Philippines.
942 _2ddc
_cBK - FIL
_hFil.
_n0
999 _c9439
_d9439